000 00697cab a2200229 4500
001 WB3401-19
008 090401t1998 xxu||||| |||| 00| 0 eng d
035 _a(Sirsi) u82978
041 _aeng
245 _aLime`s bitter lesson
260 _c1998
350 _a0
490 _aSunday Telegraph
_v4 January 1998, 17(2)
520 _aConsiders the use of lime in restoring old buildings and how homeowners can learn the old skills of using lime-based mortars, plasters and washes.
650 _aBRICKWORK
650 _aLIME MORTAR
650 _aLIME PLASTER
650 _aSOCIETY FOR THE PROTECTION OF ANCIENT BUILDINGS
690 _aCONSERVATION
942 _n0
948 _c06/01/1998
999 _c52411
_d52411